| Tag |
First Indicator |
Second Indicator |
Subfields |
| LEADER |
00000ccm a2200000 4500 |
| 001 |
in00001243313 |
| 005 |
20151003063048.0 |
| 008 |
850709q19001980enkcgb n N/A |
| 010 |
|
|
|a m 55000320
|
| 019 |
|
|
|a 03306001
|
| 028 |
2 |
0 |
|a E.E.3337
|b E. Eulenburg
|
| 028 |
3 |
0 |
|a 348
|b E. Eulenburg
|
| 035 |
|
|
|a (OCoLC)17703306
|
| 035 |
|
|
|9 AGS9419AM
|
| 040 |
|
|
|a DLC
|c YUU
|d IUG
|d MRY
|d OCL
|d TXA
|d UtOrBLW
|
| 045 |
|
|
|a u5v1
|
| 048 |
|
|
|b sa02
|b sc01
|a oc
|
| 049 |
|
|
|a TXAM
|
| 050 |
0 |
0 |
|a M1040.C79 op.6 no.8
|b E3
|
| 090 |
|
|
|a M1040.C68
|b op.6 no.8 1900z
|
| 092 |
|
|
|a 784.24
|b C797, op.6, no.8
|
| 100 |
1 |
|
|a Corelli, Arcangelo,
|d 1653-1713.
|
| 240 |
1 |
0 |
|a Concerti grossi,
|m violins (2), cello, string orchestra,
|n op. 6.
|n No. 8
|
| 245 |
1 |
0 |
|a Concerto grosso no. 8 :
|b Christmas concerto for 2 violins, violoncello, and string orchestra /
|c Edited and with foreword by Alfred Einstein.
|
| 264 |
|
1 |
|a London :
|b E. Eulenburg;
|a New York :
|b Eulenburg Miniature Scores,
|c [between 1900 and 1999?]
|
| 300 |
|
|
|a miniature score (26 pages) ;
|c 19 cm.
|
| 336 |
|
|
|a notated music
|b ntm
|2 rdacontent
|
| 337 |
|
|
|a unmediated
|b n
|2 rdamedia
|
| 338 |
|
|
|a volume
|b nc
|2 rdacarrier
|
| 500 |
|
|
|a "Edition Eulenburg number 348."
|
| 500 |
|
|
|a Pl. number: E.E. 3337.
|
| 650 |
|
0 |
|a Concerti grossi
|v Scores.
|
| 700 |
1 |
|
|a Einstein, Alfred,
|d 1880-1952.
|
| 740 |
0 |
|
|a Christmas concerto.
|
| 999 |
|
|
|a MARS
|
| 999 |
f |
f |
|s f0aadcd2-4a65-3681-b900-d4c0448b4d8e
|i cd8f94b3-8596-3275-8604-4a9812d50186
|t 0
|
| 952 |
f |
f |
|p ric
|a Texas A&M University
|b Rellis Campus
|c Joint Library Facility
|d Remote Storage
|t 0
|e M1040.C68 op.6 no.8 1900z
|h Library of Congress classification
|i unmediated -- volume
|m A14834671733
|
| 998 |
f |
f |
|a M1040.C68 op.6 no.8 1900z
|t 0
|l Remote Storage
|